00407nam a2200145Ia 4500008004100000010001400041040002600055041002600081082001700107100001500124245004400139260002400183300002200207600003200229090201s9999 xx 000 0 und d aKPL-11706 bइंग्रजी aइंग्रजी a29950b11706 ah. e. edey amodern financial managementch. e. edey c2004bpenguin books a400bमोठा amodern financial management